Pokémon : les capacités à plusieurs coups - Statistiques

Statistiques générales
  • Ce quiz a été pris 23 fois
    14 depuis la dernière actualisation
  • Le résultat moyen est 18 sur 31
Statistiques - réponses
Type de quiz Nbre de coups Puissance Capacité % Correct
Plante 2-5 25 Balle Graine
92%
Roche 2-5 25 Boule Roc
92%
Normal 2-5 18 Combo Griffe
85%
Glace 1-3 20 Triple Axel
85%
Combat 2-5 15 Cogne
77%
Dragon 2 40 Double Baffe
77%
Combat 2 30 Double Pied
77%
Acier 2 50 Lancécrou
77%
Normal 2-5 25 Plumo Queue
77%
Normal 2-5 15 Furie
69%
Normal 1-10 20 Prolifération
69%
Combat 3 10 (+10 à chaque coup) Triple Pied
69%
Insecte 2-5 25 Dard Nuée
62%
Insecte 2 25 Double Dard
62%
Vol 2 40 Double Volée
62%
Normal 2 35 Coup Double
54%
Dragon 2-5 25 Rafale Ecailles
54%
Psy 2 40 Double Laser
46%
Acier 2 60 Ecrous d'Poing
46%
Sol 2 50 Osmerang
46%
Eau 2-5 15 Sheauriken
46%
Glace 2-5 25 Stalagtite
46%
Normal 2-5 15 Torgnoles
46%
Eau 3 25 Torrent de Coups
46%
Eau 3 30 Triple Plongeon
46%
Sol 2-5 25 Charge Os
38%
Dragon 2 50 Draco-Flèches
38%
Acier 2 50 Lame Tachyonique
31%
Normal 2-5 20 Picanon
31%
Normal 2-5 15 Pilonnage
31%
Normal 2-5 18 Poing Comète
31%
Aucun quiz correspondant
Distribution des résultats
% des personnes avec chaque résultat
Percentile par nombre de réponses
Votre historique - résultats
Vous n’avez pas pris ce quiz depuis la dernière actualisation